[Event "Ceske Budejovice op-B"]
[Site "Ceske Budejovice"]
[Date "2020.07.06"]
[Round "6"]
[White "Sobotka, Radim"]
[Black "Chmelik, Benedikt"]
[Result "1-0"]
[WhiteElo "1764"]
[BlackElo "1571"]
[PlyCount "91"]
[EventDate "2020.07.01"]
[EventType "swiss"]
[EventRounds "9"]
[EventCountry "CZE"]
[SourceTitle "CBM 197 Extra"]
[Source "ChessBase"]
[SourceDate "2020.09.30"]
[SourceVersion "1"]
[SourceVersionDate "2020.09.30"]
[SourceQuality "1"]

1. d4 Nf6 2. c4 g6 3. Nc3 Bg7 4. e4 d6 5. f4 0-0 6. Nf3 Re8 7. Bd3 Nfd7 8. 0-0 e5 9. fxe5 dxe5 10. d5 Nc5 11. Bg5 f6 12. Be3 Nxd3 13. Qxd3 f5 14. Bg5 Qd6 15. Rae1 c6 16. a3 a5 17. Be3 cxd5 18. cxd5 Bd7 19. exf5 Bxf5 20. Qb5 Qd7 21. Rf2 Qxb5 22. Nxb5 Na6 23. Nd6 Re7 24. Nxf5 gxf5 25. Nh4 f4 26. Bxf4 Nc5 27. Bg5 Rd7 28. Rd2 h6 29. Be3 Ne4 30. Rdd1 Nf6 31. d6 Ne8 32. Nf5 Ra6 33. Bxh6 Bxh6 34. Nxh6+ Kg7 35. Ng4 Raxd6 36. Rxd6 Rxd6 37. Rxe5 Kf7 38. Rxa5 Rd1+ 39. Kf2 Rd2+ 40. Kf3 Rxb2 41. Ne5+ Ke6 42. Nc4 Rb3+ 43. Kf4 Nf6 44. Re5+ Kd7 45. Kg5 Nh7+ 46. Kg6 1-0

[Event "Ceske Budejovice op-B"]
[Site "Ceske Budejovice"]
[Date "2020.07.04"]
[Round "4"]
[White "Gorej, Jan"]
[Black "Chmelik, Benedikt"]
[Result "0-1"]
[WhiteElo "1247"]
[BlackElo "1571"]
[PlyCount "50"]
[EventDate "2020.07.01"]
[EventType "swiss"]
[EventRounds "9"]
[EventCountry "CZE"]
[SourceTitle "CBM 197 Extra"]
[Source "ChessBase"]
[SourceDate "2020.09.30"]
[SourceVersion "1"]
[SourceVersionDate "2020.09.30"]
[SourceQuality "1"]

1. d4 Nf6 2. c4 g6 3. Nc3 Bg7 4. Nf3 d6 5. Bf4 0-0 6. e4 Nbd7 7. Bd3 c5 8. Qd2 cxd4 9. Nd5 e5 10. Nxf6+ Bxf6 11. Bh6 Re8 12. 0-0-0 Nc5 13. Bc2 Bg4 14. Rdg1 b5 15. b4 Nd7 16. cxb5 Qb6 17. a4 a5 18. h4 axb4 19. Ng5 Qc5 20. Kb1 Qc3 21. Qxc3 bxc3 22. Bb3 Be6 23. Kc2 Bxb3+ 24. Kxb3 Nc5+ 25. Ka3 Rxa4# 0-1

[Event "Klatovy op-B 24th"]
[Site "Klatovy"]
[Date "2018.07.08"]
[Round "9"]
[White "Chmelik, Benedikt"]
[Black "Kuta, Miroslav"]
[Result "1/2-1/2"]
[WhiteElo "1475"]
[BlackElo "1725"]
[PlyCount "34"]
[EventDate "2018.06.30"]
[EventType "swiss"]
[EventRounds "9"]
[EventCountry "CZE"]
[SourceTitle "EXT 2019"]
[Source "ChessBase"]
[SourceDate "2018.10.10"]
[SourceVersion "1"]
[SourceVersionDate "2018.10.10"]
[SourceQuality "1"]

1. e4 c6 2. d4 d5 3. Nc3 dxe4 4. Nxe4 Bf5 5. Ng3 Bg6 6. Nf3 Nd7 7. Bd3 Bxd3 8. Qxd3 e6 9. 0-0 Ngf6 10. Bg5 h6 11. Be3 Bd6 12. c4 0-0 13. a3 Re8 14. Rfe1 Bxg3 15. hxg3 Nc5 16. Qc2 Nce4 17. Bf4 Nd6 1/2-1/2

[Event "Klatovy op-B 24th"]
[Site "Klatovy"]
[Date "2018.07.04"]
[Round "5"]
[White "Chmelik, Benedikt"]
[Black "Leseticky, Vladimir"]
[Result "1-0"]
[WhiteElo "1475"]
[BlackElo "1730"]
[PlyCount "105"]
[EventDate "2018.06.30"]
[EventType "swiss"]
[EventRounds "9"]
[EventCountry "CZE"]
[SourceTitle "CBM 185 Extra"]
[Source "ChessBase"]
[SourceDate "2018.07.29"]
[SourceVersion "1"]
[SourceVersionDate "2018.07.29"]
[SourceQuality "1"]

1. e4 e5 2. Nf3 d6 3. Nc3 Be7 4. Bc4 Nf6 5. h3 0-0 6. 0-0 c6 7. d3 d5 8. Bb3 d4 9. Ne2 Be6 10. Bg5 h6 11. Bh4 Nbd7 12. Qd2 Nc5 13. Ng3 Bd6 14. Nh5 Ncd7 15. Bxe6 fxe6 16. Nxf6+ Nxf6 17. c3 dxc3 18. bxc3 Qe8 19. Bg3 Qh5 20. Qc2 Nh7 21. d4 Ng5 22. Nxe5 Bxe5 23. Bxe5 Rf3 24. Bg3 Raf8 25. Rad1 Qf7 26. gxf3 Qxf3 27. Rd3 Qh5 28. f4 Nxh3+ 29. Kg2 Qg4 30. Rdf3 g5 31. f5 Nf4+ 32. Rxf4 gxf4 33. Rxf4 Qg7 34. Qf2 exf5 35. Rxf5 Re8 36. Re5 Rf8 37. Rf5 Re8 38. e5 Re6 39. Rf6 Rxf6 40. Qxf6 Qxf6 41. exf6 Kf7 42. Be5 b6 43. Kf3 b5 44. a3 a5 45. Ke4 Ke6 46. Kd3 h5 47. c4 b4 48. axb4 axb4 49. Kc2 h4 50. Kb3 h3 51. Kxb4 h2 52. Bxh2 Kxf6 53. Kc5 1-0

[Event "Klatovy op-B 23rd"]
[Site "Klatovy"]
[Date "2017.07.07"]
[Round "7"]
[White "Chmelik, Benedikt"]
[Black "Stvan, Marek"]
[Result "0-1"]
[WhiteElo "1432"]
[BlackElo "1663"]
[PlyCount "64"]
[EventDate "2017.07.01"]
[EventType "swiss"]
[EventRounds "9"]
[EventCountry "CZE"]
[SourceTitle "EXT 2018"]
[Source "ChessBase"]
[SourceDate "2017.10.13"]
[SourceVersion "1"]
[SourceVersionDate "2017.10.13"]
[SourceQuality "1"]

1. e4 d5 2. Nc3 d4 3. Nce2 e5 4. Nf3 Nc6 5. Ng3 a6 6. Bc4 Na5 7. Nxe5 Nxc4 8. Nxc4 b5 9. Na5 c5 10. Nc6 Qc7 11. Nxd4 cxd4 12. d3 Bb4+ 13. Bd2 Bxd2+ 14. Qxd2 Nf6 15. 0-0 0-0 16. Rfe1 Be6 17. Rac1 Rac8 18. h3 a5 19. a3 Qb6 20. b4 a4 21. h4 Rc3 22. Ra1 Rfc8 23. Rec1 Qc7 24. h5 Rxc2 25. Rxc2 Qxc2 26. Qg5 h6 27. Qxb5 Qb2 28. Rd1 Rc1 29. Qxa4 Bb3 30. Qa8+ Kh7 31. Rxc1 Qxc1+ 32. Kh2 Ng4+ 0-1

[Event "Klatovy op-B 23rd"]
[Site "Klatovy"]
[Date "2017.07.01"]
[Round "1"]
[White "Chmelik, Benedikt"]
[Black "Ostry, Michal"]
[Result "1-0"]
[WhiteElo "1432"]
[BlackElo "1743"]
[PlyCount "61"]
[EventDate "2017.07.01"]
[EventType "swiss"]
[EventRounds "9"]
[EventCountry "CZE"]
[SourceTitle "EXT 2018"]
[Source "ChessBase"]
[SourceDate "2017.10.13"]
[SourceVersion "1"]
[SourceVersionDate "2017.10.13"]
[SourceQuality "1"]

1. e4 c5 2. Nf3 d6 3. d4 cxd4 4. Nxd4 Nf6 5. Nc3 g6 6. Bd3 Bg7 7. Bg5 Nc6 8. Nb3 Be6 9. Qd2 Rc8 10. Bh6 0-0 11. Bxg7 Kxg7 12. 0-0 a6 13. f4 b5 14. f5 Bd7 15. a4 b4 16. Nd5 a5 17. Nxf6 exf6 18. Bb5 Qc7 19. Rad1 Ne5 20. Qxd6 Qxc2 21. fxg6 fxg6 22. Bxd7 Qxb3 23. Bxc8 Qxb2 24. Be6 Qc3 25. Qd4 Qc6 26. Qa7+ Kh6 27. Bd5 Qc3 28. Qe7 Qe3+ 29. Kh1 Rc8 30. Qxf6 Nd3 31. Qh4+ 1-0